000 00606nam a2200253Ia 4500
005 20260121153901.0
008 008 260114s9999 xx 000 0 eng d
020 _a9781003087205
037 _aEBOOK
040 _aCRL
040 _beng
040 _cCRL
041 _2eng
041 _aeng
084 _qCRL
100 _aUlla Vuorela; Deborah Bryceson
_91000320
245 4 _aThe Transnational Family
260 _bTaylor and Francis
260 _c2002
856 _uhttp://www.taylorfrancis.com/books/9781003087205
942 _cEBOOK
999 _c1567141
_d1567141